Online
Catalog

Mercado financiero no regulado / (Record no. 1728)

MARC details
000 -CABECERA
campo de control de longitud fija 01499nam a2200337 a 4500
001 - NÚMERO DE CONTROL
campo de control 000001851
005 - FECHA Y HORA DE LA ÚLTIMA TRANSACCIÓN
campo de control 20250307114820.0
008 - DATOS DE LONGITUD FIJA--INFORMACIÓN GENERAL
campo de control de longitud fija 090629s1986 dr a 001 0 spa d
040 ## - FUENTE DE LA CATALOGACIÓN
Centro catalogador/agencia de origen DO-SdBNP
Lengua de catalogación spa
Centro/agencia transcriptor BNPHU
082 ## - NÚMERO DE LA CLASIFICACIÓN DECIMAL DEWEY
Número de clasificación 332.1097293
Número de documento/Ítem M553f
245 00 - MENCIÓN DE TÍTULO
Título Mercado financiero no regulado /
Mención de responsabilidad, etc. James Zinser ... [et al.].
260 ## - PUBLICACIÓN, DISTRIBUCIÓN, ETC.
Lugar de publicación, distribución, etc. Santo Domingo :
Nombre del editor, distribuidor, etc. CEMYB,
Fecha de publicación, distribución, etc. 1986.
300 ## - DESCRIPCIÓN FÍSICA
Extensión 139 p. :
Otras características físicas graf. ;
Dimensiones 23 cm.
490 1# - MENCIÓN DE SERIE
Mención de serie Estudios
500 ## - NOTA GENERAL
Nota general Incluye índice general y de cuadros
500 ## - NOTA GENERAL
Nota general "Elaborado por el Departamento Financiero del Banco Central de la República Dominicana, con patrocinio del Proyecto [Movilización de Ahorros Rurales en la República Dominicana], y fue presentado en el segundo taller del Proyecto en Puerto Plata, del 18 al 20 de octubre de 1984"--Presentación.
504 ## - NOTA DE BIBLIOGRAFÍA, ETC.
Nota de bibliografía, etc. Bibliografía: p. 141
590 ## - NOTA LOCAL (RLIN)
Nota local Inventariado, 2018/MFF
650 #4 - PUNTO DE ACCESO ADICIONAL DE MATERIA--TÉRMINO DE MATERIA
Término de materia o nombre geográfico como elemento de entrada Instituciones financieras
Subdivisión geográfica República Dominicana
9 (RLIN) 6015
650 #4 - PUNTO DE ACCESO ADICIONAL DE MATERIA--TÉRMINO DE MATERIA
Término de materia o nombre geográfico como elemento de entrada Instituciones financieras
Subdivisión general Legislación
9 (RLIN) 6016
650 #4 - PUNTO DE ACCESO ADICIONAL DE MATERIA--TÉRMINO DE MATERIA
Término de materia o nombre geográfico como elemento de entrada Finanzas
Subdivisión general Legislación
9 (RLIN) 6017
700 12 - PUNTO DE ACCESO ADICIONAL--NOMBRE DE PERSONA
Nombre de persona Zinse, James
9 (RLIN) 6018
700 12 - PUNTO DE ACCESO ADICIONAL--NOMBRE DE PERSONA
Nombre de persona Paniagua, Zunilda
9 (RLIN) 6019
700 12 - PUNTO DE ACCESO ADICIONAL--NOMBRE DE PERSONA
Nombre de persona Mármol, Nieves
9 (RLIN) 6020
700 12 - PUNTO DE ACCESO ADICIONAL--NOMBRE DE PERSONA
Nombre de persona Lembert, Agueda
9 (RLIN) 6021
700 12 - PUNTO DE ACCESO ADICIONAL--NOMBRE DE PERSONA
Nombre de persona Martínez, Adriana
9 (RLIN) 6022
710 2# - PUNTO DE ACCESO ADICIONAL--NOMBRE DE ENTIDAD CORPORATIVA
Nombre de entidad corporativa o nombre de jurisdicción como elemento de entrada Centro de Estudios Monetarios y Bancarios (Santo Domingo, República Dominica)
9 (RLIN) 6023
710 2# - PUNTO DE ACCESO ADICIONAL--NOMBRE DE ENTIDAD CORPORATIVA
Nombre de entidad corporativa o nombre de jurisdicción como elemento de entrada Proyecto Movilización de Ahorros Rurales en la República Dominicana
9 (RLIN) 6024
830 #0 - PUNTO DE ACCESO ADICIONAL DE SERIE-TÍTULO UNIFORME
Título uniforme Estudios
9 (RLIN) 3854
910 ## - DATOS DE OPCIÓN DEL USUARIO (OCLC)
Datos de opción del usuario Jornada de catalogación
Holdings
Estado de retiro Estado de pérdida Restricciones de uso No para préstamo Código de colección Localización permanente Ubicación/localización actual Ubicación en estantería Fecha de adquisición Número de inventario Total de préstamos Signatura topográfica completa Código de barras Fecha visto por última vez Número de copia Precio válido a partir de Tipo de ítem Koha
        Dominicana de Servicio General General Depósito 25.07.2009 LF1   332.1097293 M553f 1851-30 25.06.2020 e. 3 25.06.2020 Libro y Folleto Colección Dominicana de Servicio
  Extraviado     Dominicana de Servicio General General Extraviado 18.09.2009 LF1   332.1097293 M553f 1851-40 25.06.2020 e. 4 25.06.2020 Libro y Folleto Colección Dominicana de Servicio
      Excluido de préstamo Patrimonio Dominicano Patrimonio Dominicano Patrimonio Dominicano Depósito 25.07.2009 LF1   332.1097293 M553f 1851-10 25.06.2020   25.06.2020 Libro y Folleto Colección Patrimonio Dominicano
      Excluido de préstamo Patrimonio Dominicano Patrimonio Dominicano Patrimonio Dominicano Depósito 25.07.2009 LF1   332.1097293 M553f 1851-20 25.06.2020 e. 2 25.06.2020 Libro y Folleto Colección Patrimonio Dominicano
  Extraviado     Dominicana de Servicio Patrimonio Dominicano Patrimonio Dominicano Extraviado 10.02.2015 LF1   332.1097293 M553f 1851-50 25.06.2020 e. 5 25.06.2020 Libro y Folleto Colección Dominicana de Servicio

Powered by Koha